LEADER 01014cam0-22003131i-450- 001 990005331370403321 005 20111111093206.0 035 $a000533137 035 $aFED01000533137 035 $a(Aleph)000533137FED01 035 $a000533137 100 $a19990604d1953----km-y0itay50------ba 101 0 $aita 102 $aIT 105 $ay-------001yy 200 1 $aIntroduzione generale al corso di numismatica antica$e(dispense preparatorie alle lezioni della prof.ssa L. Breglia)$fFranco Panvini Rosati 210 $aRoma$cLibr. ed. Ricerche$d1953 215 $a95 p.$d25 cm 304 $aIn testa al front.: Università degli studi di Roma, Facoltà di Lettere 610 0 $aNumismatica 676 $a737.4$v21$zita 700 1$aPanvini Rosati,$bFranco$0206948 801 0$aIT$bUNINA$gRICA$2UNIMARC 901 $aBK 912 $a990005331370403321 952 $a737.4 PAN 1$bS.I.$fFLFBC 959 $aFLFBC 996 $aIntroduzione generale al corso di numismatica antica$9599457 997 $aUNINA LEADER 01151nam0 22002893i 450 001 VAN0257253 005 20230417022150.226 017 70$2N$a978-3-030-75851-6 100 $a20230417d2021 |0itac50 ba 101 $aeng 102 $aCH 105 $a|||| ||||| 200 1 $aGeneral Human Psychology$fJaan Valsiner 210 $aCham$cSpringer$d2021 215 $aXVI, 321 p.$d24 cm 410 1$1001VAN0122333$12001 $aTheory and History in the Human and Social Sciences$1210 $aCham$cSpringer$d2018- 620 $aCH$dCham$3VANL001889 700 1$aValsiner$bJaan$f1951-$3VANV210787$0323251 712 $aSpringer $3VANV108073$4650 801 $aIT$bSOL$c20240614$gRICA 856 4 $uhttps://doi.org/10.1007/978-3-030-75851-6$zE-book ? Accesso al full-text attraverso riconoscimento IP di Ateneo, proxy e/o Shibboleth 899 $aBIBLIOTECA CENTRO DI SERVIZIO SBA$2VAN15 912 $fN 912 $aVAN0257253 950 $aBIBLIOTECA CENTRO DI SERVIZIO SBA$d15CONS SBA EBOOK 10414 $e15EB 10414 20230417 996 $aGeneral Human Psychology$92584192 997 $aUNICAMPANIA